[Event "Olomouc Chess Summer 2012 - Open Olomouc"]
[Site "Olomouc (CZE), Hotel Flora"]
[Date "2012.08.07"]
[Round "7.14"]
[White "Cagasik, Tomas"]
[Black "Hrabal, Michal"]
[Result "1-0"]
[WhiteElo "2266"]
[BlackElo "2101"]
[PlyCount "81"]
[EventDate "2012.08.02"]

1. c4 Nf6 2. Nc3 g6 3. d4 Bg7 4. g3 O-O 5. Bg2 d6 6. Nf3 Nbd7 7. O-O e5 8. b3
c6 9. Ba3 exd4 10. Nxd4 Nc5 11. e4 Re8 12. Re1 Qb6 13. Bb2 a5 14. Rb1 Ng4 15.
Re2 Ne5 16. Rd2 a4 17. Nce2 Bh6 18. Nf4 axb3 19. axb3 Ra2 20. h3 Bg7 21. Nfe2
h5 22. Nc1 Ra8 23. Nde2 Ned7 24. Bxg7 Kxg7 25. Nc3 Nf6 26. Qc2 Ncxe4 27. Nxe4
Nxe4 28. Bxe4 Rxe4 29. Qxe4 Bf5 30. Qe7 Bxb1 31. Rxd6 Bf5 32. Rf6 Rf8 33. Rxf5
gxf5 34. Qg5+ Kh8 35. Qxh5+ Kg7 36. Qg5+ Kh8 37. Qxf5 Qd4 38. Nd3 Ra8 39. Ne5
Qd1+ 40. Kg2 Ra1 41. Qf6+ 1-0

[Event "Olomouc Chess Summer 2012 - Open Olomouc"]
[Site "Olomouc (CZE), Hotel Flora"]
[Date "2012.08.07"]
[Round "7.15"]
[White "Mulenko, Alexander"]
[Black "Schulz, Jens"]
[Result "0-1"]
[WhiteElo "2082"]
[BlackElo "2263"]
[PlyCount "94"]
[EventDate "2012.08.02"]

1. Nf3 Nf6 2. d4 g6 3. g3 Bg7 4. Bg2 O-O 5. O-O d6 6. b3 Nbd7 7. Bb2 Rb8 8. c4
c5 9. Nc3 a6 10. a4 b6 11. Qc2 Bb7 12. d5 b5 13. axb5 axb5 14. Rfb1 Qb6 15. Nd2
Ba6 16. cxb5 Bxb5 17. Nxb5 Qxb5 18. Bc3 Nb6 19. e4 Ra8 20. Bf1 Qd7 21. b4 Na4
22. bxc5 Nxc3 23. Rxa8 Rxa8 24. c6 Qa7 25. Qxc3 Nxe4 26. Qe3 Qxe3 27. fxe3 Nxd2
28. Rb6 Bh6 29. Kf2 Nxf1 30. Kxf1 Kg7 31. Ke2 Kf6 32. Kd3 Ke5 33. e4 f5 34.
exf5 Kxd5 35. fxg6 hxg6 36. c7 Rc8 37. Rb8 Rxc7 38. Rg8 e5 39. Rxg6 Bc1 40. h4
e4+ 41. Ke2 Ba3 42. h5 Kd4 43. h6 Rc2+ 44. Kf1 e3 45. Re6 Kd3 46. h7 Rh2 47.
Re7 d5 0-1

[Event "Olomouc Chess Summer 2012 - Open seniorù"]
[Site "Olomouc (CZE), Hotel Flora"]
[Date "2012.08.07"]
[Round "7.3"]
[White "Chrenko, Peter"]
[Black "Prachar, Josef"]
[Result "0-1"]
[WhiteElo "1833"]
[BlackElo "1950"]
[PlyCount "70"]
[EventDate "2012.08.01"]

1. Nf3 Nf6 2. g3 d5 3. Bg2 e6 4. O-O Be7 5. d3 O-O 6. Nbd2 c5 7. e4 Nc6 8. Re1
Qc7 9. e5 Nd7 10. Qe2 b5 11. Nf1 a5 12. Bf4 Ba6 13. h4 b4 14. N1h2 a4 15. a3
bxa3 16. bxa3 Rfb8 17. Ng5 Nd4 18. Qh5 Bxg5 19. hxg5 Nxc2 20. Ng4 Bxd3 21. Nf6+
Kf8 22. Red1 Bg6 23. Qh1 Nxa1 24. Bxd5 Ra7 25. Be4 Qa5 26. Bxg6 fxg6 27. Qxh7
Kf7 28. Nxd7 Rd8 29. Rd6 Qe1+ 30. Kg2 Qe4+ 31. f3 Qe2+ 32. Kh3 Raxd7 33. Rxe6
Kxe6 34. Qxg6+ Kd5 35. e6 Qxe6+ 0-1